| 000 | 00435nam a22001817a 4500 | ||
|---|---|---|---|
| 003 | MPLRDC | ||
| 005 | 20220104124231.0 | ||
| 008 | 210129b ||||| |||| 00| 0 eng d | ||
| 020 | _a7-5346-1594-1 | ||
| 082 | _a859.4 PY | ||
| 100 | _a彭懿 | ||
| 245 |
_a疯狂绿刺猬 _c |
||
| 250 | _a一版一刷 | ||
| 260 |
_a中国 _b江苏少年儿童出版社 _c1996 |
||
| 300 | _b平 | ||
| 650 | _a儿童故事 | ||
| 942 |
_cBK _o859.4 PY |
||
| 999 |
_c17702 _d17692 |
||